000 00914nam a2200325Ia 4500
001 Z_2659
003 CHAP
008 220113s1994 xx 000 0 und d
010 _a165719
040 _cCHAP
082 _a615.373 E3
100 _aEaton, David L
_9139670
245 _aThe toxicology of aflotoxins : human health, veterinary and agricultural significance /
_ced. by David L Eaton and John D. Groopman
260 _aSan Diego :
_bAcademic Press,
_c1994
300 _a544 p.
440 _a
500 _a
503 _a180378
650 _aAspergillus flavus
_98119
650 _aHongos venenosos I. Groopman, John D
_9139671
650 _aHongos
_xExcreciones tóxicas
_956100
650 _aToxinas y antitoxinas
_9114461
650 _aVeterinaria y salud pública
_9119012
901 _a615.373 E3
902 _aA
910 _a1994
942 _c1
942 _cc1
999 _c165719
_d165719